[Event "ch-Moscow w 2012"]
[Site "Moscow RUS"]
[Date "2012.03.23"]
[Round "7"]
[White "Frolova,E"]
[Black "Pustovoitova,D"]
[Result "1-0"]
[WhiteElo "2000"]
[BlackElo "2308"]

1.e4 c5 2.Nf3 d6 3.d4 cxd4 4.Nxd4 Nf6 5.Nc3 a6 6.Be3 e5 7.Nb3 Be7 8.Qd2 O-O
9.O-O-O Qc7 10.f4 b5 11.Be2 Bb7 12.Bf3 Nbd7 13.f5 Rfc8 14.a3 Nb6 15.Na5 b4
16.axb4 Nc4 17.Nxc4 Qxc4 18.Nd5 Bxd5 19.exd5 Rab8 20.Kb1 Rxb4 21.Be2 Rxb2+
22.Kxb2 Rb8+ 23.Ka3 Qe4 24.Rb1 Rc8 25.Rb4 Qxf5 26.c4 Qd7 27.Rhb1 Ne4 28.Qc2 Nc5
29.Rb8 g6 30.Bxc5 dxc5 31.Qa4 Qd8 32.Rxc8 Qxc8 33.Qc6 Qf5 34.Rb8+ Kg7 35.d6 Bg5
36.Bd1 Qd3+ 37.Ka4 Qxd1+ 38.Ka5 e4 39.Qxc5 Qd2+ 40.Kxa6 Bf6 41.d7 Kh6 42.Qd5 Qa2+
43.Kb7 e3 44.Qxf7 e2 45.Qxf6 e1=Q 46.d8=Q Qe4+ 47.Qd5 Qb3+ 48.Kc7 Qxb8+ 49.Kxb8 Qe8+
50.Kc7 Qb8+ 51.Kd7 Qe8+ 52.Kd6 Qb8+ 53.Ke6 Qe8+ 54.Qe7 Qc8+ 55.Ke5 Qf5+ 56.Kd4 Qf6+
57.Qde5 Qb6+ 58.c5 Qb4+ 59.Ke3 Qb3+ 60.Kf2 Qc2+ 61.Kg3  1-0

[Event "14th WGM Rector Cup"]
[Site "Kharkiv UKR"]
[Date "2012.03.29"]
[Round "4"]
[White "Bezkorovaina,M"]
[Black "Doluhanova,E"]
[Result "1/2-1/2"]
[WhiteElo "2099"]
[BlackElo "2269"]

1.e4 c5 2.Nf3 d6 3.d4 cxd4 4.Nxd4 Nf6 5.Nc3 a6 6.Be3 e5 7.Nf3 Be7 8.Bc4 O-O
9.O-O Be6 10.Bb3 h6 11.Nh4 Kh7 12.Nf5 Bxf5 13.exf5 Nbd7 14.a4 Rc8 15.Qf3 Qc7
16.Rfd1 Nc5 17.Bxc5 dxc5 18.Nd5 e4 19.Nxc7 exf3 20.Nd5 Bd8 21.Nxf6+ Bxf6
22.Bd5 b5 23.axb5 axb5 24.Bxf3 Rcd8 25.c3 b4 26.cxb4 cxb4 27.Rab1 Rxd1+ 28.Bxd1 Rd8
29.b3 Rd2 30.Bf3 Bd4 31.Rf1 g6 32.fxg6+ fxg6 33.g3 Kg7 34.Kg2 g5  1/2-1/2

[Event "TCh-CZE Liga1 Vychod"]
[Site "Czech Rep CZE"]
[Date "2012.04.01"]
[Round "11"]
[White "Navratil,Ji3"]
[Black "Sobek,J"]
[Result "0-1"]
[WhiteElo "2047"]
[BlackElo "2267"]

1.e4 c5 2.Nf3 d6 3.d4 cxd4 4.Nxd4 Nf6 5.Nc3 a6 6.Be3 e5 7.Nb3 Be7 8.f3 O-O
9.Qd2 Be6 10.O-O-O a5 11.Kb1 a4 12.Nc1 Nbd7 13.g4 Nb6 14.g5 Nfd7 15.h4 f5
16.exf5 Bxf5 17.Bd3 Rc8 18.g6 Bxg6 19.Bxg6 hxg6 20.Rdg1 Nc4 21.Qd5+ Rf7 22.Bg5 Na3+
23.bxa3 Rxc3 24.h5 gxh5 25.Ne2 Qb6+ 26.Ka1 Rxf3 27.Rxh5 Qc6 28.Qxc6 bxc6  0-1

[Event "28th Budapest Spring Festival"]
[Site "Budapest HUN"]
[Date "2012.04.02"]
[Round "8.12"]
[White "Grimm,G"]
[Black "Koczo,K"]
[Result "1/2-1/2"]
[WhiteElo "1962"]
[BlackElo "2138"]

1.e4 c5 2.Nf3 d6 3.d4 cxd4 4.Nxd4 Nf6 5.Nc3 a6 6.Be3 e6 7.g4 b5 8.Bg2 Bb7
9.g5 Nfd7 10.Qe2 Nc6 11.f4 b4 12.Nd1 Nxd4 13.Bxd4 e5 14.Be3 exf4 15.Bxf4 Ne5
16.Ne3 Ng6 17.Bg3 Qxg5 18.Qf2 Qc5 19.O-O-O O-O-O 20.Rhf1 Kb8 21.Nf5 Qxf2
22.Rxf2 Ka8 23.Nxd6 Bxd6 24.Bxd6 f6 25.Bxb4 Rxd1+ 26.Kxd1 Re8 27.e5 Rd8+
28.Kc1 Nxe5 29.Bxb7+ Kxb7 30.Rg2  1/2-1/2

[Event "14th WGM Rector Cup"]
[Site "Kharkiv UKR"]
[Date "2012.04.03"]
[Round "9"]
[White "Doluhanova,E"]
[Black "Shapoval,Galina"]
[Result "1/2-1/2"]
[WhiteElo "2269"]
[BlackElo "2183"]

1.e4 c5 2.Nf3 d6 3.d4 cxd4 4.Nxd4 Nf6 5.Nc3 a6 6.Be3 e6 7.f3 Qc7 8.Qd2 b5
9.g4 h6 10.O-O-O Nbd7 11.Kb1 b4 12.Na4 d5 13.Bg2 Bb7 14.Rhe1 dxe4 15.fxe4 Ne5
16.Bf4 Be7 17.Qe2 O-O 18.Nf3 Qa5 19.Nxe5 Qxa4 20.h4 Rfd8 21.g5 Nh7 22.Qh5 Qe8
23.gxh6 g6 24.Qg4 Nf6 25.Qe2 Nh5 26.Qf2 Nxf4 27.Qxf4 Rxd1+ 28.Rxd1 Rd8 29.Rxd8 Bxd8
30.h7+ Kxh7 31.Nxf7 Kg7 32.Nd6 Qd7 33.Bh3 Bc6 34.e5 a5 35.b3 Bd5 36.Qd4 Qe7
37.Qf4 Qf8 38.Qg3 Qe7 39.h5 Qg5 40.Qxg5 Bxg5 41.hxg6 Kxg6 42.Nc8 Bf4 43.Ne7+ Kf7
44.Nxd5 exd5 45.e6+ Ke7 46.Kb2 d4  1/2-1/2

[Event "Semana Santa LAB Open"]
[Site "Bogota COL"]
[Date "2012.04.04"]
[Round "1"]
[White "Escobar,Guido"]
[Black "Valencia,Dario"]
[Result "0-1"]
[WhiteElo "1828"]
[BlackElo "1972"]

1.e4 c5 2.Nf3 d6 3.d4 cxd4 4.Nxd4 Nf6 5.Nc3 a6 6.Be3 Ng4 7.Bg5 h6 8.Bh4 Nc6
9.Nb3 b5 10.Bd3 g5 11.Bg3 Bg7 12.Qd2 Nge5 13.Ne2 Nc4 14.Bxc4 bxc4 15.Nbd4 Nxd4
16.Nxd4 Qb6 17.c3 Rb8 18.O-O-O a5 19.f4 gxf4 20.Bf2 Qb7 21.Qe2 Bg4 22.Nf3 Bxc3
23.Bd4 Bxd4 24.Rxd4 c3 25.b3 Rc8  0-1

[Event "Semana Santa LAB Open"]
[Site "Bogota COL"]
[Date "2012.04.05"]
[Round "3"]
[White "Escobar,Guido"]
[Black "Vargas,M"]
[Result "0-1"]
[WhiteElo "1828"]
[BlackElo "1986"]

1.e4 c5 2.Nf3 d6 3.d4 cxd4 4.Nxd4 Nf6 5.Nc3 a6 6.Be3 e5 7.Nde2 Ng4 8.Qd2 Nxe3
9.Qxe3 Be6 10.O-O-O Be7 11.Kb1 Nd7 12.f4 Qb6 13.Qf3 Nf6 14.f5 Bd7 15.g4 h6
16.Nd5 Nxd5 17.Rxd5 Rc8 18.Nc3 Qc7 19.h4 b5 20.Rd2 Qa5 21.Rhh2 b4 22.Nd1 Bxh4
23.Rxd6 Bg5 24.Rxa6 Qc5 25.Qd3 Bc6 26.Qc4 Rd8 27.Nf2 Qxf2 28.Qxc6+ Kf8 29.a3 b3
30.cxb3 Qxh2 31.Ra8 Qd2 32.Bc4 Rxa8 33.Qxa8+ Qd8 34.Qb7 Qe7 35.Qa8+ Qe8 36.Qb7 h5
37.gxh5 Rxh5 38.b4 Be3 39.Bb5 Qd8 40.Bc4 Qe7 41.Qb8+ Qe8 42.Qd6+ Kg8 43.b5 Bd4
44.b4 Rh1+ 45.Kc2 Qa8 46.Qd5 Qa4+ 47.Bb3 Rh2+ 48.Kd1 Qa7 49.a4 Be3 50.Qxe5 Bf4
51.Qe8+ Kh7 52.Bxf7 Qg1+  0-1

[Event "Semana Santa LAB Open"]
[Site "Bogota COL"]
[Date "2012.04.05"]
[Round "4"]
[White "Univio Sanchez,G"]
[Black "Contreras,H"]
[Result "0-1"]
[WhiteElo "2019"]
[BlackElo "2252"]

1.e4 c5 2.Nf3 d6 3.d4 cxd4 4.Nxd4 Nf6 5.Nc3 a6 6.Be3 e5 7.Nb3 Be6 8.f3 Be7
9.Qd2 O-O 10.g4 b5 11.h4 d5 12.Nxd5 Bxd5 13.Qf2 Be6  0-1

[Event "1st Balagne GM"]
[Site "Calvi FRA"]
[Date "2012.04.05"]
[Round "6.1"]
[White "Arnold,Mar"]
[Black "Cossin,S"]
[Result "0-1"]
[WhiteElo "2502"]
[BlackElo "2505"]

1.e4 c5 2.Nf3 d6 3.d4 cxd4 4.Nxd4 Nf6 5.Nc3 a6 6.Be3 e5 7.Nf3 Be7 8.Bc4 O-O
9.O-O Nc6 10.a3 Be6 11.Qd3 b5 12.Bd5 Rc8 13.Rfd1 Na5 14.Qe2 Qc7 15.Ne1 Nc4
16.Bxc4 Bxc4 17.Qf3 h6 18.Qg3 Kh8 19.Nd3 Qb7 20.f4 Nxe4 21.Nxe4 Qxe4 22.fxe5 Bxd3
23.exd6 Bxd6 24.cxd3 Bxg3 25.dxe4 Be5 26.a4 Rc4 27.axb5 axb5 28.Ra3 Rxe4
29.Bc5 Rb8 30.b4 Rb7 31.Rad3 Rc4 32.Rb3 Bc3 33.Rbb1 Kh7 34.Rb3 Bf6 35.Rd2 Be7
36.Rd5 Bf6 37.Rd2 Rb8 38.g3 Rc8 39.Kf2 Re8 40.Kf3 Kg6 41.Ra2 Bc3 42.Kg2 Bd4
43.Ra6+ Re6 44.Ra7 Re2+ 45.Kh3 Bxc5 46.bxc5 Rcc2 47.g4 Rxh2+ 48.Kg3 Rcg2+
49.Kf4 h5 50.Ke5 f6+ 51.Kd6 hxg4 52.Re3 Rd2+ 53.Kc7 Rh3 54.Re7 Rc2 55.Kb6 Rhc3
56.Rxg7+ Kf5 57.Ra1 b4 58.Rf1+ Rf3 59.Rg1 b3  0-1

[Event "Pobeskydi Open 2012"]
[Site "Frydek Mistek CZE"]
[Date "2012.04.05"]
[Round "1"]
[White "Kerdik,A"]
[Black "Bury,R"]
[Result "1-0"]
[WhiteElo "1886"]
[BlackElo "2173"]

1.e4 c5 2.Nf3 d6 3.d4 cxd4 4.Nxd4 Nf6 5.Nc3 a6 6.Be3 e5 7.Nb3 Be6 8.f3 Be7
9.Qd2 Nbd7 10.O-O-O O-O 11.g4 b5 12.Kb1 b4 13.Nd5 Bxd5 14.exd5 Nb6 15.Bxb6 Qxb6
16.h4 a5 17.h5 a4 18.Nc1 Ra5 19.Bc4 Rc8 20.b3 Ne8 21.g5 Nc7 22.f4 Nb5 23.Bxb5 Qxb5
24.fxe5 Rc5 25.exd6 Bxd6 26.bxa4 Qxa4 27.Rh4 Rc8 28.Qe2 Be5 29.Rc4 Raa8 30.Qg4 Rcb8
31.g6 Bc3 32.gxf7+ Kh8 33.Rf1 h6 34.f8=Q+ Rxf8 35.Rxf8+ Rxf8 36.Rc8 Rxc8
37.Qxc8+ Kh7 38.Qf5+ Kg8 39.d6 Bf6 40.d7 Qa8 41.Qe6+ Kf8 42.Qd6+ Be7 43.Qf4+ Kg8
44.Qc4+ Kh7 45.Qd3+ Kh8 46.Qc4 Qf8 47.Qc8 Bd8 48.Nd3 Kh7 49.Qc6 Qf1+ 50.Nc1 Qf8
51.Qg6+ Kh8 52.Qe8 Kg8 53.Nd3 g6 54.Ne5  1-0

[Event "Semana Santa LAB Open"]
[Site "Bogota COL"]
[Date "2012.04.06"]
[Round "5"]
[White "Ruiz Cruz,Cesar Augusto"]
[Black "Vargas,M"]
[Result "0-1"]
[WhiteElo "1889"]
[BlackElo "1986"]

1.e4 c5 2.Nf3 d6 3.d4 cxd4 4.Nxd4 Nf6 5.Nc3 a6 6.Be3 e5 7.Nb3 Be6 8.Be2 Be7
9.f3 O-O 10.Nd5 Bxd5 11.exd5 Nbd7 12.O-O Rc8 13.Qd2 Nb6 14.Bxb6 Qxb6+ 15.Kh1 g6
16.c4 Nd7 17.Rac1 Qd8 18.Qe1 b6 19.g3 a5 20.Nd2 Bg5 21.f4 exf4 22.gxf4 Bh4
23.Qd1 Bf6 24.b3 Nc5 25.f5 Qe7 26.Bg4 Rce8 27.Qf3 Bg5 28.Rc2 Qe5 29.f6 Qd4
30.Nb1 Re3 31.Qd1 Rd3 32.Qe2 Bxf6 33.Rd2 Be5 34.Rxd3 Nxd3 35.Qf3 f5 36.Bh3 Re8
37.Bxf5 gxf5 38.Qxf5 Nf4 39.Na3 Rf8 40.Qg4+ Kh8 41.Qf3 Qb2 42.Nb5 Ng6 43.Qg2 Rxf1+
44.Qxf1 Qxh2+  0-1

[Event "O2C Doeberl Cup Premier 2012"]
[Site "Canberra AUS"]
[Date "2012.04.06"]
[Round "4.3"]
[White "Sengupta,D"]
[Black "Zeng,C"]
[Result "1-0"]
[WhiteElo "2572"]
[BlackElo "2435"]

1.e4 c5 2.Nf3 d6 3.d4 cxd4 4.Nxd4 Nf6 5.Nc3 a6 6.Be3 e5 7.Nb3 Be6 8.Qd2 Nbd7
9.O-O-O Rc8 10.f3 h5 11.Kb1 b5 12.g3 Qc7 13.Qf2 Rb8 14.h3 b4 15.Nd5 Bxd5
16.exd5 a5 17.Nc1 g6 18.Rg1 Bg7 19.g4 a4 20.Qe1 O-O 21.g5 Rfc8 22.Rg2 Ne8
23.Ba6 Rd8 24.Bd3 Nb6 25.Bb5 e4 26.Bxb6 Qxb6 27.Bxa4 exf3 28.Rf2 Nc7 29.Rxf3 Nb5
30.Bxb5 Qxb5 31.Rxf7 Kxf7 32.Qe6+ Kf8 33.Nd3 Qe8 34.Rf1+ Bf6 35.Rxf6+ Kg7
36.Nf4 Qxe6 37.Nxe6+ Kh7 38.Nxd8 Rxd8 39.a3 bxa3 40.b3 Kg7 41.Ka2 Re8 42.Rxd6 Re3
43.b4 Rxh3 44.b5 Rf3 45.Rd7+ Kg8 46.b6 Rf8 47.b7 h4 48.Rc7 h3 49.Rc8  1-0

[Event "VIII Lubuska Wiosna Open"]
[Site "Gorzow Wielkopolski POL"]
[Date "2012.04.06"]
[Round "5"]
[White "Aliavdin,N"]
[Black "Dragun,K"]
[Result "0-1"]
[WhiteElo "2411"]
[BlackElo "2425"]

1.e4 c5 2.Nf3 d6 3.d4 cxd4 4.Nxd4 Nf6 5.Nc3 a6 6.Be3 e5 7.Nb3 Be6 8.f4 exf4
9.Bxf4 Nc6 10.Qe2 Be7 11.h3 Nd7 12.O-O-O Nce5 13.Kb1 O-O 14.g4 Rc8 15.Qg2 Rxc3
16.bxc3 Qc7 17.Qd2 Nb6 18.Qd4 Rd8 19.g5 Nc6 20.Qe3 Na4 21.c4 Rc8 22.c5 Ne5
23.Qd4 b5 24.Ka1 g6 25.c3 Bxb3 26.axb3 Nxc5 27.Kb2 Ne6  0-1

[Event "Semana Santa LAB Open"]
[Site "Bogota COL"]
[Date "2012.04.08"]
[Round "9"]
[White "Escobar Barona,J"]
[Black "Rosero,H"]
[Result "1-0"]
[WhiteElo "1994"]
[BlackElo "1595"]

1.e4 c5 2.Nf3 d6 3.d4 cxd4 4.Nxd4 Nf6 5.Nc3 a6 6.Be3 Ng4 7.Bg5 h6 8.Bh4 g5
9.Bg3 Bg7 10.Be2 Ne5 11.Qd2 Nbc6 12.Nxc6 bxc6 13.O-O Be6 14.Kh1 Nc4 15.Bxc4 Bxc4
16.Rfe1 O-O 17.f4 f6 18.Rad1 Rb8 19.b3 Bf7 20.Ne2 Bh5 21.Qd3 Qa5 22.a4 Qb6
23.Rd2 Rbd8 24.Nd4 Bf7 25.Nf5 Rfe8 26.Bf2 Qb4 27.fxg5 fxg5 28.Nxg7 Kxg7 29.Bd4+ e5
30.Bc3 Qb7 31.Rf1 Rf8 32.Rdf2 Bg6 33.Rxf8 Rxf8 34.Rxf8 Kxf8 35.Qxd6+ Kf7
36.Qxe5 Qd7 37.Qg7+ Ke8 38.Qxg6+ Kd8 39.Qg8+ Qe8 40.Qxe8+ Kxe8 41.Kg1 Kf7
42.Kf2 h5 43.Kf3 Ke6 44.g4 h4 45.h3 Kf7 46.e5 Ke6 47.Ke4 c5 48.Bd2  1-0

[Event "Pobeskydi Open 2012"]
[Site "Frydek Mistek CZE"]
[Date "2012.04.09"]
[Round "9"]
[White "Rabatin,J"]
[Black "Vanek,L"]
[Result "1-0"]
[WhiteElo "2159"]
[BlackElo "2199"]

1.e4 c5 2.Nf3 d6 3.d4 cxd4 4.Nxd4 Nf6 5.Nc3 a6 6.Be3 e5 7.Nb3 Be6 8.f3 h5
9.Bd3 Nbd7 10.Qe2 Rc8 11.O-O-O Qc7 12.Kb1 Be7 13.Rhg1 b5 14.g4 Nb6 15.Bxb6 Qxb6
16.g5 Nd7 17.g6 f6 18.Nd5 Qb8 19.c4 b4 20.c5 Nxc5 21.Bxa6 Rd8 22.Nxc5 dxc5
23.Bc4 Bd7 24.Qe3 Rc8 25.Rd2 Rc6 26.Rgd1 Bc8 27.Qb3 Kf8 28.Ne3 f5 29.exf5 Rf6
30.Rd8+ Bxd8 31.Rxd8+ Ke7 32.Rxh8 Rxf5 33.Qd3 Rf8 34.Rxf8 Kxf8 35.Qd8+  1-0

[Event "Campomanes Mem GM Open"]
[Site "Bandar Seri Begawan BRU"]
[Date "2012.04.10"]
[Round "5.1"]
[White "Dzhumaev,M"]
[Black "Dao Thien Hai"]
[Result "1-0"]
[WhiteElo "2494"]
[BlackElo "2516"]

1.e4 c5 2.Nf3 d6 3.d4 cxd4 4.Nxd4 Nf6 5.Nc3 a6 6.Be3 e5 7.Nb3 Be6 8.f4 exf4
9.Bxf4 Nc6 10.Qd2 Ne5 11.O-O-O Qd7 12.Nd4 Be7 13.Nf5 Bxf5 14.exf5 b5 15.g4 b4
16.Nd5 Nxd5 17.Qxd5 O-O 18.g5 Rfc8 19.Rd2 Qc6  1-0

[Event "Sydney International Open"]
[Site "Parramatta AUS"]
[Date "2012.04.11"]
[Round "1.4"]
[White "Horvath,Ad1"]
[Black "Marner,G"]
[Result "1-0"]
[WhiteElo "2487"]
[BlackElo "2026"]

1.e4 c5 2.Nf3 d6 3.d4 cxd4 4.Nxd4 Nf6 5.Nc3 a6 6.Be3 e6 7.f3 Qc7 8.g4 Nc6
9.Qd2 b5 10.Nxc6 Qxc6 11.O-O-O Nd7 12.Bf4 b4 13.Ne2 e5 14.Be3 Rb8 15.Ng3 Nc5
16.Bc4 Be6 17.Bd5 Qc7 18.Bxc5 Qxc5 19.Nf5 Bxf5 20.exf5 Be7 21.h4 g6 22.Qd3 a5
23.Qe4 g5 24.Kb1 gxh4 25.f4 b3 26.axb3 Rb4 27.Bc4 O-O 28.g5 Rxc4 29.Qxc4 Rc8
30.f6 Qxc4 31.bxc4 Bf8 32.fxe5  1-0

[Event "World Amateur Championship"]
[Site "Neos Marmaras GRE"]
[Date "2012.04.16"]
[Round "1"]
[White "Mayed,Al-Rashedi"]
[Black "Reyes Rios,Juan Camilo"]
[Result "0-1"]
[WhiteElo "1743"]
[BlackElo "1996"]

1.e4 c5 2.Nf3 d6 3.d4 cxd4 4.Nxd4 Nf6 5.Nc3 a6 6.Be3 e5 7.Nb3 Be6 8.Qd2 Be7
9.O-O-O Nbd7 10.f4 Ng4 11.g3 Nxe3 12.Qxe3 O-O 13.Kb1 f6 14.f5 Bf7 15.Nd5 Bxd5
16.Rxd5 Qc7 17.Be2 Rac8 18.Rd2 b5 19.g4 Nb6 20.h4 Rfd8 21.g5 d5 22.gxf6 Bxf6
23.exd5 Nxd5 24.Qe4 Nb6 25.Rhd1 Rxd2 26.Nxd2 Bxh4 27.Bd3 Bf6 28.Qg4 Nd5 29.Qh3 Nf4
30.Qf3 Nxd3 31.Qxd3 Rd8 32.Qe2 Qd7 33.Qg2 Qxf5 34.Rf1 Rxd2 35.Qa8+ Kf7 36.Qb7+ Qd7  0-1

[Event "World Amateur Championship"]
[Site "Neos Marmaras GRE"]
[Date "2012.04.18"]
[Round "3"]
[White "Apostolakakis,Konstantinos"]
[Black "Giordos,V"]
[Result "1/2-1/2"]
[WhiteElo "1701"]
[BlackElo "1959"]

1.e4 c5 2.Nf3 d6 3.d4 cxd4 4.Nxd4 Nf6 5.Nc3 a6 6.Be3 e5 7.Nb3 Be7 8.f3 Be6
9.Qd2 O-O 10.O-O-O b5 11.g4 Nbd7 12.g5 b4 13.Ne2 Ne8 14.f4 a5 15.f5 a4 16.Nbd4 exd4
17.Nxd4 Bxa2 18.Nc6 Qc7 19.Nxe7+ Kh8 20.Qxb4 Nc5 21.Nd5 Bxd5  1/2-1/2

[Event "World Amateur Championship"]
[Site "Neos Marmaras GRE"]
[Date "2012.04.20"]
[Round "6"]
[White "Apostolakakis,Konstantinos"]
[Black "Vargas,M"]
[Result "0-1"]
[WhiteElo "1701"]
[BlackElo "1986"]

1.e4 c5 2.Nf3 d6 3.d4 cxd4 4.Nxd4 Nf6 5.Nc3 a6 6.Be3 e5 7.Nb3 Be6 8.f3 Be7
9.Qd2 O-O 10.O-O-O Qc7 11.g4 Rc8 12.g5 Nh5 13.Kb1 Nd7 14.Nd5 Bxd5 15.exd5 a5
16.a4 Nb6 17.Bh3 Nc4 18.Qd3 Nxe3 19.Qxe3 Qxc2+ 20.Ka2 Rc4 21.Bd7 Nf4 22.Rc1 Nxd5
23.Qg1 Nc3+ 24.Ka3 b5 25.Bxb5 d5+ 26.Nc5 Nxb5+ 27.Ka2 Nc3+ 28.Ka1 Rxa4+ 29.Nxa4 Qxa4+  0-1

[Event "TCh-CZE Extraliga 2011-12"]
[Site "Czech Republic CZE"]
[Date "2012.04.21"]
[Round "10.3"]
[White "Krejci,Jan2"]
[Black "Cerveny,M"]
[Result "1-0"]
[WhiteElo "2489"]
[BlackElo "2347"]

1.e4 c5 2.Nf3 d6 3.d4 cxd4 4.Nxd4 Nf6 5.Nc3 a6 6.Be3 e5 7.Nf3 Be7 8.Bc4 O-O
9.O-O Be6 10.Qe2 Qc7 11.Bb3 Rc8 12.Rfd1 b5 13.Ne1 h6 14.f3 Nbd7 15.Nd3 Bc4
16.Bxc4 Qxc4 17.a3 a5 18.Ne1 Rab8 19.Qxc4 Rxc4 20.a4 bxa4 21.Nxa4 Rb5 22.b3 Rc6
23.Rd3 d5 24.Rc3 Nc5 25.Nd3 d4 26.Nxe5 Re6 27.Bxd4 Nxa4 28.Rc8+ Kh7 29.Rxa4 Rbxe5
30.Bxe5 Rxe5 31.Kf1 Bb4 32.c3 Be7 33.Rc7 g5 34.Ra7 Bd8 35.Rxf7+ Kg6 36.Rb7 Rc5
37.Rc4 Re5 38.g4 h5 39.h3 h4 40.b4 axb4 41.cxb4 Ne8 42.Rc6+ Bf6 43.b5 Ng7
44.Rbb6 Ne8 45.Rb8 Kf7 46.b6 Rb5 47.Rxe8  1-0

[Event "14th Dubai Open 2012"]
[Site "Dubai UAE"]
[Date "2012.04.21"]
[Round "7.25"]
[White "Karthikeyan,M2"]
[Black "Kovchan,A"]
[Result "0-1"]
[WhiteElo "2306"]
[BlackElo "2598"]

1.e4 c5 2.Nf3 d6 3.d4 cxd4 4.Nxd4 Nf6 5.Nc3 a6 6.Be3 e5 7.Nb3 Be6 8.f3 h5
9.Qd2 Nbd7 10.O-O-O Rc8 11.Kb1 b5 12.Nd5 Bxd5 13.exd5 Nb6 14.Bxb6 Qxb6 15.Bd3 g6
16.Be4 Bh6 17.Qe1 b4 18.f4 Bxf4 19.Rf1 Nxe4 20.Qxe4 O-O 21.Nd4 Rc4 22.b3 f5
23.Qxf4 exf4 24.bxc4 Rc8 25.Nc6 Re8 26.Rxf4 Re2 27.Nd4 Rxg2 28.Nb3 Qe3 29.Rfd4 Qc3
30.Rc1 a5 31.c5 a4 32.Rd3 Qc4 33.Rd4 Qb5 34.c6 axb3 35.axb3 Qa5 36.Rc4 Rg4
37.Rxg4 hxg4 38.Rd1 Qc5 39.Rd3 f4 40.c3 f3 41.cxb4 Qxb4 42.Kb2 f2 43.c7 Qb7
44.Rc3 f1=Q 45.c8=Q+ Qxc8 46.Rxc8+ Kf7 47.Rc2 Qd1  0-1

[Event "TCh-HUN 2011-12"]
[Site "Mako HUN"]
[Date "2012.04.22"]
[Round "9"]
[White "Mihok,O"]
[Black "Bokros,A"]
[Result "1/2-1/2"]
[WhiteElo "2445"]
[BlackElo "2452"]

1.e4 c5 2.Nf3 d6 3.d4 cxd4 4.Nxd4 Nf6 5.Nc3 a6 6.Be3 e6 7.g4 b5 8.g5 Nfd7
9.Bg2 Bb7 10.f4 Nc5 11.a3 Nc6 12.Qe2 Be7 13.O-O-O Qc7 14.Nf5 O-O 15.Nxe7+ Nxe7
16.h4 Rfd8 17.h5 d5 18.exd5 Nxd5 19.Nxd5 Bxd5 20.Bxd5 exd5 21.Kb1 Ne4 22.Qh2 b4
23.axb4 Qb7 24.Bd4 Qxb4 25.g6 fxg6 26.hxg6 h6 27.f5 Qd6 28.Be5 Qe7 29.Rhe1 Rd7
30.Bd4 Qf8 31.Rf1 Rc8 32.Qh3 Nf6 33.Qf3 Ne4 34.Qh3 Nf6 35.Qg2 Ne4 36.Qh3  1/2-1/2

[Event "14th Dubai Open 2012"]
[Site "Dubai UAE"]
[Date "2012.04.23"]
[Round "9.18"]
[White "Atabayev,Y"]
[Black "Kovchan,A"]
[Result "1/2-1/2"]
[WhiteElo "2404"]
[BlackElo "2598"]

1.e4 c5 2.Nf3 d6 3.d4 cxd4 4.Nxd4 Nf6 5.Nc3 a6 6.Be3 e5 7.Nb3 Be6 8.f3 h5
9.Qd2 Nbd7 10.a4 Rc8 11.Be2 Be7 12.O-O O-O 13.a5 Qc7 14.Rfc1 Qc6 15.Rd1 Rfe8
16.Rac1 Bc4 17.Bxc4 Qxc4 18.Nd5 Nxd5 19.Qxd5 Qxd5 20.Rxd5 g6 21.c4 f5 22.Nd2 Kf7
23.b4 Ke6 24.Kf1 Rc6 25.Rb1 fxe4 26.fxe4 Nf6 27.b5 Rcc8 28.Rd3 Bd8 29.bxa6 bxa6
30.Bb6 Be7 31.Ke2 Nd7 32.Rg3 Rg8 33.Kd3 Bh4 34.Rf3 Bg5 35.Nb3 Rc6 36.Be3 Bxe3
37.Rxe3 Rf8 38.Rg3 Rf6 39.Nd2 Rc5 40.Nb3 Rc8 41.Nd2 Rg8 42.Nf3 Rf4 43.Ke3 h4
44.Rh3 g5 45.Nd2 Nf6 46.Rb6 Rc8 47.Rxa6 Ng4+ 48.Ke2 Rf2+ 49.Ke1 Rxg2 50.Rd3 Rg1+
51.Ke2 Rg2+ 52.Ke1 Rg1+ 53.Ke2 Rg2+ 54.Ke1 Rg1+  1/2-1/2

[Event "Historical Melaka Op"]
[Site "Melaka MAS"]
[Date "2012.04.23"]
[Round "1"]
[White "Anasrullah"]
[Black "Arun Prasad,S"]
[Result "1/2-1/2"]
[WhiteElo "2127"]
[BlackElo "2517"]

1.e4 c5 2.Nf3 d6 3.d4 cxd4 4.Nxd4 Nf6 5.Nc3 a6 6.Be3 e6 7.f3 b5 8.g4 h6 9.h4 Be7
10.Qd2 Nfd7 11.Qf2 b4 12.Na4 Bb7 13.c4 bxc3 14.Nxc3 Ne5 15.Be2 Nbd7 16.f4 Nc6
17.O-O-O Qa5 18.Nb3 Qc7 19.Kb1 Na5 20.Nxa5 Qxa5 21.Bf3 Rc8 22.g5 h5 23.Rc1 g6
24.Qd2 Qd8 25.Bd4 O-O 26.Qe2 e5 27.Be3 exf4 28.Bxf4 Ne5 29.Nd5 Bxd5 30.exd5 Nxf3
31.Qxf3 Qd7 32.Be3 Qa4 33.b3 Qb4 34.Rxc8 Rxc8 35.Rf1 Rf8 36.Qf4 Qxf4 37.Rxf4 f6
38.Re4 Kf7 39.gxf6 Bxf6 40.Kc2 Rg8 41.Kd3 g5 42.hxg5 Bxg5 43.Bf2 Rh8 44.Bg3 Be7
45.Re6 h4 46.Bh2 h3 47.Ke4 Rh4+ 48.Kf3 Rd4 49.Rh6 Rxd5 50.Rxh3 Rd3+ 51.Kg4 Rxh3
52.Kxh3 Ke6 53.Kg4 Kd5 54.Kf5 Bh4 55.Bg1 Be1 56.Be3 Bc3 57.Bf4 Bd4 58.Bg3 Bc5
59.Bh2 a5 60.Bg3 Bb4 61.Bf2 Bc3 62.Be3 Bd4 63.Bd2 Bb6 64.a4 Kd4 65.Ke6 d5
66.b4 axb4 67.Bxb4 Ke4 68.Bc3 Kd3  1/2-1/2

[Event "Historical Melaka Op"]
[Site "Melaka MAS"]
[Date "2012.04.24"]
[Round "3"]
[White "Horvath,Ad1"]
[Black "Nolte,R"]
[Result "1/2-1/2"]
[WhiteElo "2487"]
[BlackElo "2456"]

1.e4 c5 2.Nf3 d6 3.d4 cxd4 4.Nxd4 Nf6 5.Nc3 a6 6.Be3 e5 7.Nf3 Be7 8.Bc4 O-O
9.O-O Be6 10.Bb3 Nc6 11.Qe2  1/2-1/2

[Event "Russian Juniors 2012"]
[Site "Sochi RUS"]
[Date "2012.04.24"]
[Round "7"]
[White "Bukavshin,I"]
[Black "Oparin,G"]
[Result "1/2-1/2"]
[WhiteElo "2504"]
[BlackElo "2487"]

1.e4 c5 2.Nf3 d6 3.d4 cxd4 4.Nxd4 Nf6 5.Nc3 a6 6.Be3 e5 7.Nb3 Be6 8.Qd2 Nbd7
9.O-O-O b5 10.f3 Nb6 11.Qf2 Nfd7 12.f4 Rc8 13.f5 Bc4 14.Kb1 Be7 15.Bd3 O-O
16.g4 Bg5 17.h4 Bxe3 18.Qxe3 d5 19.exd5 Nxd5 20.Nxd5 Bxd5 21.Rh2 Nf6 22.Rhd2 Bxb3
23.axb3 Nxg4 24.Qg3 h5 25.Bxb5 Qf6 26.Bc4 Rcd8 27.Bd5 Rd7 28.Be4 Rd4 29.Rxd4 exd4
30.Bd3 Re8 31.Re1 Re3 32.Qb8+ Kh7 33.Rg1 Qxh4 34.Ka2 Nf6 35.Qc7 Qf2 36.Rf1 Qg2
37.Rd1 Qd5 38.Bc4 Qe5 39.Qxe5 Rxe5 40.Rxd4 Ra5+ 41.Kb1 Kh6 42.b4 Rxf5 43.Bxa6 g5
44.b5 g4 45.b6 g3 46.Bb7 Rb5 47.Rd6 Kg5 48.c4 Rb4 49.c5 Rb5 50.Bg2 h4 51.c6 Ne8
52.Rd5+ Rxd5 53.Bxd5 h3 54.b7 g2 55.b8=Q g1=Q+ 56.Ka2 Qd4 57.Bb3 Nd6 58.c7 h2
59.Qa8 h1=Q 60.Qxh1 Qa7+ 61.Kb1 Qxc7 62.Qg1+ Kf6 63.Qd4+ Ke7 64.Qe5+ Kf8
65.Ba4 Qb6 66.Qh8+ Ke7 67.Qe5+ Kf8 68.Qh8+ Ke7 69.Qh4+ Kf8 70.Ka2 Qc5 71.Qf6 Qd5+
72.Bb3 Qa5+ 73.Kb1 Qe1+ 74.Ka2 Qa5+ 75.Kb1 Qe1+ 76.Ka2  1/2-1/2

[Event "ch-SRB 2012"]
[Site "Vrnjacka Banja SRB"]
[Date "2012.04.24"]
[Round "2"]
[White "Pikula,D"]
[Black "Damljanovic,B"]
[Result "1/2-1/2"]
[WhiteElo "2525"]
[BlackElo "2582"]

1.e4 c5 2.Nf3 d6 3.d4 cxd4 4.Nxd4 Nf6 5.Nc3 a6 6.Be3 e5 7.Nb3 Be6 8.f4 exf4
9.Bxf4 Nc6 10.Qe2 Be7 11.h3 Qc7 12.O-O-O O-O 13.g4 Rfe8 14.g5 Nd7 15.h4 b5
16.Qd2 Nce5 17.h5 Bf8 18.Nd5 Bxd5 19.exd5 Nc4 20.Qh2 Ne3 21.Bxe3 Rxe3 22.Qf4 Rae8
23.Bd3 R3e7 24.g6 Ne5 25.Bf5 Kh8 26.gxh7 Qc4 27.Qg3 Qa4 28.Kb1 Nc4 29.Bd3 Ne5
30.Rh4 b4 31.Be2 Nd7 32.Bd3 Ne5 33.Bf1 Rc7 34.Re4 Rec8 35.Bh3 Re8 36.Nd4 Rc5
37.Nb3 Rc7 38.Nd4 Rc5 39.Qb3 Qxb3 40.Nxb3 Rc4 41.Nd4 Kxh7 42.Bf1 Rxd4 43.Rexd4 a5
44.Be2 Be7 45.Rf4 Bg5 46.Rf2 Kh6 47.a3 bxa3 48.bxa3 Be3 49.Rf5 Bc5 50.Ka2 f6
51.Bb5 Rb8 52.c4 Rb7 53.Rd2 Nf7 54.Re2 Ne5 55.Re4 Rc7 56.Kb3 Rc8 57.Re2 Rc7
58.Re4 Rc8 59.Re2 Rc7  1/2-1/2

[Event "Magistral Osasco 50 Anos"]
[Site "Osasco BRA"]
[Date "2012.04.26"]
[Round "2.3"]
[White "Barbosa,Ev"]
[Black "Mareco,S"]
[Result "1/2-1/2"]
[WhiteElo "2399"]
[BlackElo "2579"]

1.e4 c5 2.Nf3 d6 3.d4 cxd4 4.Nxd4 Nf6 5.Nc3 a6 6.Be3 e5 7.Nb3 Be6 8.Be2 Be7
9.O-O O-O 10.Qd2 Nbd7 11.a4 Rc8 12.a5 Qc7 13.Rfd1 Rfd8 14.Qe1 h6 15.Nc1 Re8
16.Bf3 b6 17.axb6 Nxb6 18.Rxa6 Nc4 19.Ra7 Qc6 20.N1a2 Nxe3 21.Qxe3 Bd8 22.Nb4 Qc4
23.Rb7 Re7 24.Rb5 Qc7 25.Ncd5 Nxd5 26.Nxd5 Bxd5 27.Rbxd5 Qxc2 28.Rxd6 Bc7
29.R6d2 Qc6 30.Qa3 Ree8 31.Bg4 Ra8 32.Qf3 Re7 33.h4 Bb6 34.h5 Bd4 35.Qe2  1/2-1/2

[Event "Historical Melaka Op"]
[Site "Melaka MAS"]
[Date "2012.04.27"]
[Round "7"]
[White "Anasrullah"]
[Black "Nolte,R"]
[Result "0-1"]
[WhiteElo "2127"]
[BlackElo "2456"]

1.e4 c5 2.Nf3 d6 3.d4 cxd4 4.Nxd4 Nf6 5.Nc3 a6 6.Be3 e6 7.f3 b5 8.g4 Bb7
9.g5 Nfd7 10.Qd2 Be7 11.h4 Nc6 12.O-O-O Rc8 13.Kb1 Nce5 14.Qe1 Qc7 15.Bd3 Nc4
16.Bc1 Ncb6 17.h5 Nc5 18.g6 Nxd3 19.gxf7+ Kxf7 20.cxd3 Bf6 21.Be3 d5 22.Rc1 Qd7
23.e5 Bxe5 24.Nxe6 Qxe6 25.Bxb6 d4 26.Ne4 Rxc1+ 27.Qxc1 Bxe4 28.fxe4 Qxb6  0-1

[Event "RBTT Heroes Day Cup 2012"]
[Site "Bridgetown BAR"]
[Date "2012.04.28"]
[Round "3"]
[White "Del Castilho,M"]
[Black "Farley,T"]
[Result "0-1"]
[WhiteElo "2218"]
[BlackElo "2250"]

1.e4 c5 2.Nf3 d6 3.d4 cxd4 4.Nxd4 Nf6 5.Nc3 a6 6.Be3 e5 7.Nb3 Be7 8.f3 Be6
9.Qd2 Nbd7 10.O-O-O O-O 11.g4 b5 12.g5 b4 13.Ne2 Ne8 14.f4 a5 15.f5 a4 16.fxe6 axb3
17.cxb3 fxe6 18.Kb1 Ra5 19.Bh3 Nc7 20.Qxb4 Qa8 21.Qc4 Kh8 22.Nc3 Rc8 23.Bxe6 Nb5
24.Qd3 Nxc3+ 25.bxc3 Rxa2 26.b4 Ra3 27.Rc1 Qa4 28.Kb2 Ra8 29.Rb1 d5 30.Bxd5 Bxb4
31.Qc2 Ra2+ 32.Bxa2 Qa3+ 33.Ka1 Bxc3+ 34.Qxc3 Qxa2+  0-1